[Event "XXXIV Festival A"]
[Site "Arco ITA"]
[Date "2012.10.13"]
[Round "1"]
[White "Anfuso, Luigi"]
[Black "Kierzek, Mira"]
[WhiteElo "1743"]
[BlackElo "2018"]
[Result "0-1"]
[PlyCount "108"]
[EventDate "2012.10.13"]

1. d4 Nf6 2. c4 e6 3. Nc3 Bb4 4. Qc2 d5 5. cxd5 exd5 6. Bg5 O-O 7. e3 c6 8. Nf3
h6 9. Bxf6 Qxf6 10. Be2 a5 11. a3 Be7 12. O-O Na6 13. Ne5 Nc7 14. Rab1 Bf5 15.
Bd3 Bxd3 16. Qxd3 Rfd8 17. Nf3 Ne6 18. b4 axb4 19. axb4 Ra3 20. Ra1 Rxa1 21.
Rxa1 Bxb4 22. Ra7 Rb8 23. Ne5 Nf8 24. Na4 Bd6 25. f4 Qe6 26. Qb3 f6 27. Nf3 Qe7
28. Kf2 Qc7 29. e4 Bxf4 30. exd5 Qf7 31. Nc5 Qxd5 32. Rxb7 Qxb3 33. Rxb3 Rxb3
34. Nxb3 Ne6 35. Na5 Nd8 36. Ke2 Kf7 37. Kd3 Ke6 38. Ke4 Bc7 39. Nb3 f5+ 40.
Ke3 Bd6 41. h3 g5 42. Ne1 Kd5 43. Kd3 Ne6 44. g4 f4 45. Nf3 Nd8 46. Kd2 Nf7 47.
Kd3 Bb4 48. Nbd2 Nd6 49. Nb3 Ne4 50. Ke2 Kc4 51. Nc5 Nxc5 52. dxc5 Bxc5 53. h4
Be7 54. hxg5 hxg5 0-1

[Event "XXXIV Festival A"]
[Site "Arco ITA"]
[Date "2012.10.13"]
[Round "1"]
[White "Antonelli, Fabrizio"]
[Black "Galas, Franco"]
[WhiteElo "2011"]
[BlackElo "1735"]
[Result "1-0"]
[PlyCount "55"]
[EventDate "2012.10.13"]

1. e4 Nc6 2. c4 e5 3. Nc3 Bc5 4. Nf3 Nf6 5. Be2 a6 6. O-O Nd4 7. Nxe5 Nxe2+ 8.
Qxe2 d6 9. Nf3 Bg4 10. d3 Qd7 11. Be3 Bxe3 12. Qxe3 O-O 13. h3 Bxf3 14. Qxf3 h6
15. Nd5 Nxd5 16. cxd5 f5 17. Qe3 Rae8 18. Rac1 b6 19. Rc6 Qf7 20. Rfc1 Re7 21.
Qd4 f4 22. f3 g5 23. Qc3 Rc8 24. Rxd6 h5 25. Rf6 Qh7 26. Qc6 Kg7 27. Re6 Rce8
28. Qxe8 1-0

[Event "XXXIV Festival A"]
[Site "Arco ITA"]
[Date "2012.10.13"]
[Round "1"]
[White "Bisignano, Giuseppe"]
[Black "Bruno, Fabio"]
[WhiteElo "1891"]
[BlackElo "2416"]
[Result "0-1"]
[PlyCount "102"]
[EventDate "2012.10.13"]

1. e4 c5 2. Nf3 e6 3. d4 cxd4 4. Nxd4 a6 5. c4 Nf6 6. Nc3 Qc7 7. Be3 d6 8. Rc1
Nbd7 9. Be2 b6 10. O-O Bb7 11. f3 Rc8 12. b4 Qb8 13. Qb3 Be7 14. Rfd1 O-O 15.
a4 Bd8 16. Qa3 Bc7 17. a5 bxa5 18. bxa5 Rfe8 19. Ndb5 axb5 20. cxb5 d5 21. a6
Bxh2+ 22. Kh1 Ba8 23. b6 Qg3 24. b7 Qh4 25. Bg5 Qxg5 26. Kxh2 Bxb7 27. axb7 Rb8
28. Nb5 Qe5+ 29. Kg1 Rf8 30. Rc7 h5 31. Qd6 Qb2 32. Kf1 Ne5 33. Qa3 Qxa3 34.
Nxa3 Ne8 35. Rdc1 Nxc7 36. Rxc7 dxe4 37. fxe4 Rfd8 38. Nb5 Kh7 39. Na7 Rd7 40.
Rxd7 Nxd7 41. Nc8 Rxb7 42. Nd6 Rb1+ 43. Kf2 Kg6 44. Kg3 Ne5 45. Kf4 f6 46. Nb5
Kh6 47. Nd4 g5+ 48. Ke3 Rb6 49. g3 Kg6 50. Bd1 Nc4+ 51. Kf2 Rd6 0-1

[Event "XXXIV Festival A"]
[Site "Arco ITA"]
[Date "2012.10.13"]
[Round "1"]
[White "Bonade', Massimo"]
[Black "Rizzo, Giuseppe"]
[WhiteElo "2086"]
[BlackElo "1761"]
[Result "1-0"]
[PlyCount "77"]
[EventDate "2012.10.13"]

1. d4 Nf6 2. c4 g6 3. Nc3 d5 4. Bf4 Bg7 5. e3 c6 6. Nf3 Bg4 7. h3 Bxf3 8. Qxf3
e6 9. Be2 dxc4 10. Bxc4 Nbd7 11. O-O Nb6 12. Bb3 Nfd5 13. Bg3 O-O 14. Ne4 Nc8
15. Rac1 Qe7 16. Rfd1 a5 17. a3 a4 18. Ba2 f5 19. Nc5 Nd6 20. Bxd6 Qxd6 21. e4
fxe4 22. Qxe4 Rf6 23. Qc2 Rf7 24. Ne4 Qe7 25. g3 Bh6 26. Ra1 Nf6 27. Nc5 Nd5
28. Re1 Rf6 29. Nxa4 Raf8 30. Bxd5 cxd5 31. Re2 Rf3 32. Nc5 Rc8 33. Qd1 Rf6 34.
Qb3 Rc7 35. Rae1 Qf7 36. Nxe6 Re7 37. Qxd5 Rf5 38. Qe4 Qe8 39. d5 1-0

[Event "XXXIV Festival A"]
[Site "Arco ITA"]
[Date "2012.10.13"]
[Round "1"]
[White "Bonagura, Stefano"]
[Black "De Nisi, Giuseppe"]
[WhiteElo "2172"]
[BlackElo "1816"]
[Result "1-0"]
[PlyCount "71"]
[EventDate "2012.10.13"]

1. c4 d6 2. g3 g6 3. Bg2 Bg7 4. d4 e5 5. dxe5 dxe5 6. Qxd8+ Kxd8 7. Nc3 c6 8.
Bd2 Be6 9. O-O-O Kc7 10. b3 Nf6 11. Nf3 Ng4 12. Rhf1 Nd7 13. h3 Ngf6 14. Ng5
Rae8 15. Be3 h6 16. Nxe6+ Rxe6 17. Na4 Nh5 18. Bxa7 b6 19. c5 b5 20. Nc3 Ra8
21. Nxb5+ cxb5 22. Bxa8 Ra6 23. Bb6+ Nxb6 24. cxb6+ Rxb6 25. Kb1 Nf6 26. Bd5
Nxd5 27. Rxd5 b4 28. Rc1+ Rc6 29. e4 f5 30. f3 fxe4 31. Rxc6+ Kxc6 32. fxe4 Bf6
33. Kc2 h5 34. Kd3 g5 35. g4 hxg4 36. hxg4 1-0

[Event "XXXIV Festival A"]
[Site "Arco ITA"]
[Date "2012.10.13"]
[Round "1"]
[White "Borries, Barbara"]
[Black "Albano, Marco"]
[WhiteElo "1850"]
[BlackElo "2226"]
[Result "0-1"]
[PlyCount "70"]
[EventDate "2012.10.13"]

1. e4 e5 2. Nf3 Nc6 3. Bb5 Nf6 4. O-O Bc5 5. d3 Nd4 6. Nxd4 Bxd4 7. c3 Bb6 8.
Nd2 c6 9. Ba4 O-O 10. Nf3 d6 11. h3 Nh5 12. Be3 Qf6 13. Kh2 Nf4 14. Bxf4 Qxf4+
15. Kh1 f5 16. Bb3+ Kh8 17. g3 Qh6 18. Nh2 Qxh3 19. Qd2 f4 20. gxf4 Rxf4 21. f3
Qh6 22. d4 Qf6 23. Rg1 exd4 24. Rg3 dxc3 25. bxc3 Bd7 26. Rd1 Bc5 27. Qg2 Re8
28. Rg5 Re5 29. Rxe5 Qxe5 30. c4 Rh4 31. Qe2 g5 32. Rd2 Be8 33. Qd3 Bh5 34. Rg2
Rh3 35. Bd1 Qa1 0-1

[Event "XXXIV Festival A"]
[Site "Arco ITA"]
[Date "2012.10.13"]
[Round "1"]
[White "Buck, Klaus-Michael"]
[Black "Ziltener, Werner"]
[WhiteElo "1756"]
[BlackElo "2053"]
[Result "1/2-1/2"]
[PlyCount "42"]
[EventDate "2012.10.13"]

1. b4 e5 2. a3 c5 3. b5 d5 4. e3 Be6 5. Bb2 Bd6 6. Be2 Nf6 7. Nf3 Nbd7 8. Ng5
Bf5 9. g4 Bg6 10. h4 h6 11. Nh3 Ne4 12. d3 Qa5+ 13. Kf1 Nef6 14. a4 d4 15. Qd2
Qc7 16. Na3 Nb6 17. a5 Nbd5 18. Nc4 Qd7 19. e4 Ne7 20. f3 Qc8 21. b6 a6 1/2-1/2

[Event "XXXIV Festival A"]
[Site "Arco ITA"]
[Date "2012.10.13"]
[Round "1"]
[White "Burmakin, Vladimir"]
[Black "Wagner, Frank"]
[WhiteElo "2579"]
[BlackElo "1906"]
[Result "1-0"]
[PlyCount "47"]
[EventDate "2012.10.13"]

1. Nf3 c6 2. c4 Nf6 3. e3 g6 4. b3 Bg7 5. Bb2 O-O 6. Be2 Na6 7. O-O Nc7 8. d4
d5 9. Nc3 Bg4 10. h3 Bxf3 11. Bxf3 Ne6 12. g3 Ng5 13. Bg2 Nge4 14. Ne2 Qa5 15.
Qc2 Qd2 16. Qxd2 Nxd2 17. Rfc1 Nde4 18. cxd5 cxd5 19. Ba3 Nd6 20. Bxd6 exd6 21.
Rc7 Rfc8 22. Rac1 Rxc7 23. Rxc7 b5 24. Nc3 1-0

[Event "XXXIV Festival A"]
[Site "Arco ITA"]
[Date "2012.10.13"]
[Round "1"]
[White "Burnier, David"]
[Black "Coolen, Marlo"]
[WhiteElo "2313"]
[BlackElo "1873"]
[Result "1-0"]
[PlyCount "63"]
[EventDate "2012.10.13"]

1. d4 Nf6 2. c4 e6 3. Nf3 c6 4. Nc3 d5 5. e3 Be7 6. Bd3 dxc4 7. Bxc4 b5 8. Bd3
Bb7 9. O-O a6 10. e4 Nbd7 11. e5 Nd5 12. Nxd5 cxd5 13. Bd2 Rc8 14. Qb3 Qb6 15.
a4 Bc6 16. a5 Qd8 17. Ne1 O-O 18. f4 Re8 19. f5 Bg5 20. Bxg5 Qxg5 21. Nc2 Nf8
22. f6 Ng6 23. Rf3 gxf6 24. Rxf6 Nxe5 25. dxe5 d4 26. Rf2 Bd5 27. Qb4 Qxe5 28.
Re1 Qg7 29. Qxd4 f6 30. Re3 Kf7 31. Rg3 Qh6 32. Rh3 1-0

[Event "XXXIV Festival A"]
[Site "Arco ITA"]
[Date "2012.10.13"]
[Round "1"]
[White "Del Nevo, Claudio"]
[Black "Schaefer, Michael"]
[WhiteElo "1821"]
[BlackElo "2174"]
[Result "0-1"]
[PlyCount "67"]
[EventDate "2012.10.13"]

1. d4 Nf6 2. Bg5 d5 3. Bxf6 exf6 4. e3 Be6 5. Nf3 Bd6 6. Bd3 O-O 7. c3 Nd7 8.
Qc2 g6 9. h4 Re8 10. h5 f5 11. Nbd2 c5 12. hxg6 fxg6 13. O-O-O c4 14. Be2 b5
15. Rh6 Bf8 16. Rh2 Bg7 17. Rdh1 Nf8 18. Ne5 a5 19. a3 Qd6 20. Ndf3 b4 21. Qa4
bxc3 22. bxc3 Reb8 23. Bd1 Qb6 24. Qc2 f4 25. Kd2 fxe3+ 26. fxe3 Bf5 27. Qa4
Qb2+ 28. Bc2 Rb3 29. Rc1 Qxc3+ 30. Kd1 Bxc2+ 31. Rxc2 Qxe3 32. Rc1 Rb2 33. g4
Rxh2 34. Nxh2 0-1

[Event "XXXIV Festival A"]
[Site "Arco ITA"]
[Date "2012.10.13"]
[Round "1"]
[White "Dittmar, Peter"]
[Black "Di Lazzaro, Gabriele"]
[WhiteElo "2329"]
[BlackElo "1888"]
[Result "1-0"]
[PlyCount "101"]
[EventDate "2012.10.13"]

1. d4 Nf6 2. c4 c5 3. d5 b5 4. cxb5 a6 5. e3 g6 6. Nc3 Bg7 7. bxa6 Nxa6 8. Nf3
d6 9. Bb5+ Bd7 10. Bxd7+ Nxd7 11. O-O O-O 12. e4 Qa5 13. Bd2 Qb4 14. Qc2 Rfb8
15. Rab1 Qb7 16. a3 c4 17. Ne2 Qb3 18. Qxb3 Rxb3 19. Nfd4 Rb7 20. Rfc1 Ndc5 21.
f3 Nb3 22. Nxb3 Rxb3 23. Rxc4 Rxb2 24. Rxb2 Bxb2 25. Ra4 Kf8 26. Bc3 Bxc3 27.
Nxc3 Rc8 28. Rxa6 Rxc3 29. Ra7 Rc2 30. h4 Ra2 31. a4 Kg7 32. Rxe7 Rxa4 33. Rd7
Ra6 34. Kh2 Kf8 35. g4 h6 36. Kg3 Ke8 37. Rc7 Ra3 38. h5 gxh5 39. gxh5 Kf8 40.
Rc8+ Kg7 41. Rc6 Kf6 42. Rxd6+ Kg5 43. Rd7 f6 44. Rg7+ Kxh5 45. d6 Ra8 46. d7
f5 47. e5 f4+ 48. Kxf4 Rf8+ 49. Kg3 Rg8 50. Kf4 Rf8+ 51. Ke4 1-0

[Event "XXXIV Festival A"]
[Site "Arco ITA"]
[Date "2012.10.13"]
[Round "1"]
[White "Dobboletta, Alex"]
[Black "Machlik, Jon"]
[WhiteElo "1995"]
[BlackElo "1732"]
[Result "1-0"]
[PlyCount "51"]
[EventDate "2012.10.13"]

1. e4 e5 2. Nf3 Nc6 3. Bb5 a6 4. Ba4 b5 5. Bb3 Nf6 6. O-O Bc5 7. Nxe5 Nxe5 8.
d4 Bd6 9. dxe5 Bxe5 10. f4 Bd6 11. e5 Bc5+ 12. Kh1 Bb7 13. exf6 Qxf6 14. Bd5 c6
15. Re1+ Kd8 16. Bf3 Kc7 17. Nc3 d5 18. Bd2 h5 19. Ne2 h4 20. Bc3 Qg6 21. Qd3
f5 22. Nd4 Bc8 23. Ba5+ Kb8 24. h3 Qd6 25. Nxc6+ Qxc6 26. b4 1-0

[Event "XXXIV Festival A"]
[Site "Arco ITA"]
[Date "2012.10.13"]
[Round "1"]
[White "Drasko, Milan"]
[Black "Roessner, Uwe"]
[WhiteElo "2471"]
[BlackElo "1892"]
[Result "1-0"]
[PlyCount "93"]
[EventDate "2012.10.13"]

1. Nf3 d6 2. d4 Nf6 3. g3 Nbd7 4. c4 e5 5. Nc3 Be7 6. Bg2 O-O 7. O-O c6 8. e4
exd4 9. Nxd4 Ne5 10. b3 Qa5 11. Bd2 Qc7 12. h3 Re8 13. f4 Ng6 14. Qf3 Bd7 15.
Rac1 Rad8 16. Be1 h5 17. Bf2 Bf8 18. Nc2 Re7 19. c5 dxc5 20. Bxc5 h4 21. Bxe7
Bxe7 22. g4 Bc5+ 23. Kh1 a6 24. e5 Nh7 25. Ne4 Ba7 26. Ne3 Be6 27. Rfd1 Rxd1+
28. Rxd1 Nhf8 29. Rf1 Qa5 30. Qe2 Bd7 31. Nc4 Qc7 32. Qd2 b5 33. Ncd6 c5 34.
Ng5 Bc6 35. Bxc6 Qxc6+ 36. Qg2 Qxg2+ 37. Kxg2 f6 38. exf6 gxf6 39. Nge4 Nd7 40.
Kf3 Ne7 41. Rd1 Nc6 42. Nc8 f5 43. Rxd7 fxe4+ 44. Kxe4 Bb8 45. Ne7+ Nxe7 46.
Rxe7 Kf8 47. Re6 1-0

[Event "XXXIV Festival A"]
[Site "Arco ITA"]
[Date "2012.10.13"]
[Round "1"]
[White "Facchetti, Gianni"]
[Black "Catalfamo, Santo"]
[WhiteElo "2087"]
[BlackElo "1762"]
[Result "1-0"]
[PlyCount "47"]
[EventDate "2012.10.13"]

1. e4 d6 2. d4 Nf6 3. Nc3 g6 4. Bg5 Bg7 5. Nf3 Bg4 6. h3 Bd7 7. Qd2 h6 8. Be3
Nc6 9. Bc4 e6 10. O-O g5 11. e5 Nh7 12. exd6 cxd6 13. d5 Ne5 14. Nxe5 dxe5 15.
dxe6 fxe6 16. Rad1 Nf6 17. Qd6 Qe7 18. Qxe5 Rc8 19. Bb3 g4 20. hxg4 h5 21. g5
Ng4 22. Qe4 Kf7 23. Qf5+ Kg8 24. Rxd7 1-0

[Event "XXXIV Festival A"]
[Site "Arco ITA"]
[Date "2012.10.13"]
[Round "1"]
[White "Fuggetta, Leonardo"]
[Black "Oltramari, Silvano"]
[WhiteElo "2017"]
[BlackElo "1742"]
[Result "1-0"]
[PlyCount "49"]
[EventDate "2012.10.13"]

1. d4 d5 2. c4 Nf6 3. Nf3 e6 4. g3 Be7 5. Bg2 O-O 6. O-O dxc4 7. Ne5 Nbd7 8.
Nxc4 Nb6 9. b3 Nxc4 10. bxc4 c6 11. e4 h6 12. e5 Nh7 13. Nc3 Qc7 14. Ne4 f5 15.
exf6 Nxf6 16. Bf4 Qa5 17. c5 Nxe4 18. Bxe4 Bf6 19. Bd6 Rd8 20. Qg4 Rxd6 21.
cxd6 Qd8 22. Rad1 Qxd6 23. Qh5 Rb8 24. Qe8+ Qf8 25. Bh7+ 1-0

[Event "XXXIV Festival A"]
[Site "Arco ITA"]
[Date "2012.10.13"]
[Round "1"]
[White "Herold, Hansjoerg"]
[Black "Russo, Carmelo"]
[WhiteElo "2043"]
[BlackElo "1751"]
[Result "1-0"]
[PlyCount "65"]
[EventDate "2012.10.13"]

1. e4 c6 2. d4 d5 3. exd5 cxd5 4. c4 dxc4 5. Bxc4 Nf6 6. Nf3 g6 7. O-O Bg7 8.
Nc3 O-O 9. h3 a6 10. a4 Nc6 11. Bf4 Nh5 12. Be3 Re8 13. Qd2 e6 14. Rfd1 e5 15.
d5 Nb4 16. a5 b5 17. axb6 a5 18. Bc5 Nf4 19. Bxb4 Qxb6 20. Ne4 Bh6 21. Bxa5
Rxa5 22. Qxa5 Qxb2 23. Qb5 Qxb5 24. Bxb5 Rd8 25. Ra8 Rf8 26. Nxe5 Bb7 27. Rxf8+
Kxf8 28. Bc6 Ba6 29. Ra1 Be2 30. d6 Bd3 31. Ra8+ Kg7 32. Nxd3 Nxd3 33. d7 1-0

[Event "XXXIV Festival A"]
[Site "Arco ITA"]
[Date "2012.10.13"]
[Round "1"]
[White "Hilbenz, Guntram"]
[Black "Naumkin, Igor"]
[WhiteElo "1897"]
[BlackElo "2480"]
[Result "0-1"]
[PlyCount "56"]
[EventDate "2012.10.13"]

1. c4 Nf6 2. g3 e6 3. Bg2 d5 4. Nf3 Be7 5. O-O O-O 6. b3 d4 7. Bb2 c5 8. e3 Nc6
9. exd4 cxd4 10. Re1 Re8 11. d3 Bb4 12. Re2 e5 13. a3 Bd6 14. Nbd2 Bf5 15. Qc2
h6 16. Rae1 Rc8 17. Ne4 Bxe4 18. dxe4 Bxa3 19. Bxa3 d3 20. Qc3 dxe2 21. Rxe2
Qd7 22. Bb2 a5 23. h3 b5 24. Qe3 bxc4 25. bxc4 Qe6 26. c5 Rb8 27. Rd2 Qc4 28.
Nh4 Rb3 0-1

[Event "XXXIV Festival A"]
[Site "Arco ITA"]
[Date "2012.10.13"]
[Round "1"]
[White "Kierzek, Matthias"]
[Black "Dieli, Riccardo"]
[WhiteElo "2191"]
[BlackElo "1839"]
[Result "1-0"]
[PlyCount "69"]
[EventDate "2012.10.13"]

1. d4 Nf6 2. c4 c5 3. d5 b5 4. Bg5 bxc4 5. Nc3 g6 6. e4 d6 7. Bxc4 Bg7 8. f4
O-O 9. Nf3 Ba6 10. Bxa6 Nxa6 11. O-O Rb8 12. e5 Ng4 13. Qe2 f6 14. Qxa6 fxg5
15. Nxg5 Qb6 16. Qxb6 Rxb6 17. Ne6 Rfb8 18. Nxg7 Kxg7 19. exd6 Rxd6 20. Rae1
Rb7 21. f5 gxf5 22. Rxf5 Kg6 23. Rf3 Nf6 24. Rfe3 Nxd5 25. Nxd5 Rxd5 26. Rxe7
Rxe7 27. Rxe7 a5 28. Kf2 h5 29. b3 Kf6 30. Re2 Rd4 31. Rc2 Rd5 32. Ke3 Ke6 33.
Rc4 Kd6 34. Ra4 Re5+ 35. Kf3 1-0

[Event "XXXIV Festival A"]
[Site "Arco ITA"]
[Date "2012.10.13"]
[Round "1"]
[White "Knors, Rudi"]
[Black "Bortolotti, Silvano"]
[WhiteElo "2112"]
[BlackElo "1770"]
[Result "1-0"]
[PlyCount "25"]
[EventDate "2012.10.13"]

1. d4 d5 2. Nf3 Nf6 3. c4 c6 4. Nc3 e6 5. e3 Bb4 6. Bd3 dxc4 7. Bxc4 Qa5 8. Bd2
Qh5 9. O-O Nbd7 10. Be2 Bd6 11. e4 e5 12. Nxe5 Qh4 13. Nf3 1-0

[Event "XXXIV Festival A"]
[Site "Arco ITA"]
[Date "2012.10.13"]
[Round "1"]
[White "Kveinys, Aloyzas"]
[Black "Garvani, Vittorio"]
[WhiteElo "2526"]
[BlackElo "1904"]
[Result "1-0"]
[PlyCount "59"]
[EventDate "2012.10.13"]

1. d4 Nf6 2. Nf3 c5 3. d5 d6 4. Nc3 g6 5. h3 Bg7 6. e4 O-O 7. a4 Nbd7 8. Bc4
Ne8 9. O-O Ne5 10. Nxe5 Bxe5 11. Bd2 f5 12. exf5 Bxf5 13. Qe2 Nf6 14. f4 Bd4+
15. Kh2 Bxc3 16. Bxc3 Rf7 17. g4 Bd7 18. b3 a6 19. a5 Qf8 20. Rae1 Re8 21. Qg2
Qg7 22. g5 Ng4+ 23. Qxg4 Qxc3 24. Qxd7 Ref8 25. Qe6 Kg7 26. Re2 Rxf4 27. Rxf4
Rxf4 28. Qxe7+ Rf7 29. Qxd6 Qf3 30. Qe5+ 1-0

[Event "XXXIV Festival A"]
[Site "Arco ITA"]
[Date "2012.10.13"]
[Round "1"]
[White "La Manna, Andrea"]
[Black "Bondielli, Giorgio"]
[WhiteElo "2193"]
[BlackElo "1849"]
[Result "1-0"]
[PlyCount "49"]
[EventDate "2012.10.13"]

1. d4 f5 2. g3 Nf6 3. Bg2 g6 4. c3 Bg7 5. Nf3 c6 6. O-O O-O 7. Nbd2 d5 8. Ne5
Nbd7 9. Nd3 Ne4 10. Nf3 Ndf6 11. Bf4 Nh5 12. Be5 Nd6 13. Qc1 Nf7 14. Bxg7 Kxg7
15. c4 dxc4 16. Qxc4 Nd6 17. Qc2 Ne4 18. e3 Nhf6 19. Nfe5 Nd5 20. Rab1 Rb8 21.
b4 a6 22. a4 Nd6 23. Rfc1 Be6 24. Nc5 Bg8 25. Ncd7 1-0

[Event "XXXIV Festival A"]
[Site "Arco ITA"]
[Date "2012.10.13"]
[Round "1"]
[White "Maddaloni, Giovanni"]
[Black "Barlocco, Carlo"]
[WhiteElo "1762"]
[BlackElo "2086"]
[Result "0-1"]
[PlyCount "68"]
[EventDate "2012.10.13"]

1. e4 d5 2. exd5 Qxd5 3. Nc3 Qd6 4. d4 Nf6 5. h3 Bf5 6. Nf3 Nc6 7. Be3 e6 8.
Bd3 Bg6 9. O-O Be7 10. a3 O-O 11. Nb5 Qd7 12. Bxg6 hxg6 13. c4 Rfd8 14. Ne5 Qc8
15. Nxc6 bxc6 16. Nc3 c5 17. d5 c6 18. d6 Bxd6 19. Qf3 Qa6 20. Qe2 Be7 21. Rfd1
Rab8 22. f3 Rd7 23. Rxd7 Nxd7 24. Ne4 Qb7 25. Rb1 Qb3 26. Nd2 Qc2 27. b4 cxb4
28. axb4 Bxb4 29. Ra1 a5 30. Kf2 Nc5 31. Bxc5 Bxc5+ 32. Kf1 Rb2 33. Rxa5 Bb4
34. Ra8+ Kh7 0-1

[Event "XXXIV Festival A"]
[Site "Arco ITA"]
[Date "2012.10.13"]
[Round "1"]
[White "Martinez, Guido"]
[Black "Ager, Josef"]
[WhiteElo "1843"]
[BlackElo "2193"]
[Result "0-1"]
[PlyCount "76"]
[EventDate "2012.10.13"]

1. d4 Nf6 2. Bg5 Ne4 3. Bf4 e6 4. Qd3 d5 5. Nd2 Nxd2 6. Qxd2 c5 7. Nf3 cxd4 8.
Nxd4 Nc6 9. e3 Qb6 10. c3 f6 11. Nf3 e5 12. Bg3 Be6 13. Be2 Rd8 14. O-O g6 15.
Rfe1 Bg7 16. Bf1 O-O 17. Rad1 Ne7 18. Qc1 Nf5 19. Nd2 Bf7 20. Qc2 Qc6 21. Be2
d4 22. Bf3 Qc8 23. exd4 Nxd4 24. Qa4 Nxf3+ 25. Nxf3 Bd5 26. Qxa7 Qc6 27. Qe3
Bxa2 28. Rd2 Bb3 29. Ra1 Rfe8 30. Rxd8 Rxd8 31. Nd2 Bc2 32. Rc1 Bf5 33. f3 Bf8
34. Bf2 Rd3 35. Qe2 Bh6 36. Rd1 Qd7 37. Be1 e4 38. fxe4 Bg4 0-1

[Event "XXXIV Festival A"]
[Site "Arco ITA"]
[Date "2012.10.13"]
[Round "1"]
[White "Medancic, Rikard"]
[Black "Burani, Eugenio"]
[WhiteElo "2234"]
[BlackElo "1863"]
[Result "1-0"]
[PlyCount "61"]
[EventDate "2012.10.13"]

1. d4 Nf6 2. Bg5 g6 3. Bxf6 exf6 4. e3 Bg7 5. g3 d5 6. Bg2 c6 7. Nd2 Be6 8. Ne2
Nd7 9. O-O O-O 10. Nf4 Rb8 11. c4 Nb6 12. cxd5 Nxd5 13. Nxe6 fxe6 14. Ne4 Re8
15. Qa4 a6 16. Rfd1 Qb6 17. Rd2 Bf8 18. Rc1 Qc7 19. Qb3 Kg7 20. Rdc2 Qf7 21. a3
e5 22. dxe5 Rxe5 23. Rxc6 Rd8 24. R6c2 b5 25. Rc6 a5 26. Rd1 Qe8 27. Qc2 f5 28.
Ng5 h6 29. Nf3 Re6 30. Nd4 Rxc6 31. Nxc6 1-0

[Event "XXXIV Festival A"]
[Site "Arco ITA"]
[Date "2012.10.13"]
[Round "1"]
[White "Mombelli, Antonio"]
[Black "Trauth, Michael"]
[WhiteElo "1799"]
[BlackElo "2159"]
[Result "1/2-1/2"]
[PlyCount "45"]
[EventDate "2012.10.13"]

1. e4 c5 2. c3 g6 3. Nf3 Bg7 4. d4 d5 5. dxc5 Nf6 6. exd5 O-O 7. Be2 Nxd5 8.
O-O Nc6 9. Na3 Be6 10. Nb5 Qa5 11. Nbd4 Qxc5 12. Nxe6 fxe6 13. Ng5 Qd6 14. Bg4
Nd8 15. Qe2 Nf4 16. Bxf4 Qxf4 17. Nxe6 Nxe6 18. Bxe6+ Kh8 19. Rad1 Rad8 20. g3
Qe5 21. Qxe5 Bxe5 22. Rfe1 Bd6 23. Kg2 1/2-1/2

[Event "XXXIV Festival A"]
[Site "Arco ITA"]
[Date "2012.10.13"]
[Round "1"]
[White "Morselli, Stefano"]
[Black "Horvath, Csaba"]
[WhiteElo "1905"]
[BlackElo "2526"]
[Result "0-1"]
[PlyCount "48"]
[EventDate "2012.10.13"]

1. Nf3 g6 2. e4 Bg7 3. d4 d6 4. Nc3 Nf6 5. Bd3 O-O 6. h3 Nc6 7. Be3 e5 8. d5
Ne7 9. g4 c6 10. dxc6 bxc6 11. Bc4 Bb7 12. Bb3 c5 13. Nd2 d5 14. Nxd5 Nexd5 15.
exd5 Nxd5 16. O-O Qc7 17. Nc4 a5 18. c3 Qc6 19. Ba4 Qf6 20. Bxc5 Nf4 21. Ne3
Rfd8 22. g5 Nxh3+ 23. Kh2 Nxg5 24. Qg4 h5 0-1

[Event "XXXIV Festival A"]
[Site "Arco ITA"]
[Date "2012.10.13"]
[Round "1"]
[White "Mumelter, Igor"]
[Black "Bonfa', Ileano"]
[WhiteElo "1837"]
[BlackElo "2181"]
[Result "0-1"]
[PlyCount "78"]
[EventDate "2012.10.13"]

1. e4 c5 2. Nf3 g6 3. g3 Bg7 4. Bg2 Nc6 5. O-O d6 6. d3 e5 7. c3 Nge7 8. Qe2
O-O 9. h3 h6 10. Na3 Be6 11. Nc2 Qd7 12. Kh2 d5 13. exd5 Nxd5 14. Rd1 Rfe8 15.
Ne3 Rad8 16. Nxd5 Bxd5 17. Be3 Nd4 18. Bxd4 exd4 19. Qc2 dxc3 20. bxc3 Bc6 21.
Qb2 b6 22. Rab1 Re6 23. d4 Qb7 24. Ne1 Bxg2 25. Nxg2 cxd4 26. cxd4 Red6 27. Qc2
Bxd4 28. Ne3 Bxe3 29. fxe3 Qf3 30. Rxd6 Rxd6 31. Qc8+ Kh7 32. Rb2 Rd1 33. Rg2
Qf1 34. g4 Qh1+ 35. Kg3 Qe1+ 36. Kh2 Qxe3 37. Qb7 Qf4+ 38. Rg3 Rd2+ 39. Kh1
Qf1+ 0-1

[Event "XXXIV Festival A"]
[Site "Arco ITA"]
[Date "2012.10.13"]
[Round "1"]
[White "Pedrotti, Luciano"]
[Black "Titz, Heimo"]
[WhiteElo "1811"]
[BlackElo "2168"]
[Result "0-1"]
[PlyCount "116"]
[EventDate "2012.10.13"]

1. e4 c5 2. Nf3 e6 3. d4 cxd4 4. Nxd4 Nc6 5. Be2 Qc7 6. O-O a6 7. c3 Nf6 8. Nd2
Be7 9. Kh1 d6 10. f4 O-O 11. Bf3 e5 12. fxe5 dxe5 13. Ne2 Be6 14. Ng3 Rad8 15.
Qe1 g6 16. Nb3 Rfe8 17. Bg5 Ng4 18. Bxe7 Qxe7 19. h3 Nf6 20. Qe3 Nd7 21. Rad1
Kg7 22. Kh2 h6 23. Rd2 Bxb3 24. axb3 Nc5 25. Rfd1 Rxd2 26. Rxd2 Nxb3 27. Rd5
Qc7 28. Bd1 Nca5 29. Qd3 Re7 30. Nf1 b5 31. Rd6 Nc4 32. Rxa6 Nxb2 33. Qxb5 Nxd1
34. Qxb3 Nxc3 35. Qc2 Qc4 36. Ra3 Qxf1 37. Rxc3 Qf4+ 38. g3 Qf1 39. Qg2 Qe1 40.
Rc2 Rd7 41. Re2 Qc3 42. h4 h5 43. Kh1 Rd3 44. Kh2 Qd4 45. Kh3 Qd7+ 46. Kh2 Qg4
47. Re1 Rf3 48. Qg1 Kh6 49. Re3 g5 50. hxg5+ Kxg5 51. Qc1 Kg6 52. Qg1 Rxe3 53.
Qxe3 h4 54. gxh4 Qxh4+ 55. Kg2 Qg5+ 56. Kf2 Qxe3+ 57. Kxe3 Kg5 58. Kf3 Kh4 0-1

[Event "XXXIV Festival A"]
[Site "Arco ITA"]
[Date "2012.10.13"]
[Round "1"]
[White "Perich, Stefano"]
[Black "Vezzosi, Paolo"]
[WhiteElo "1871"]
[BlackElo "2308"]
[Result "0-1"]
[PlyCount "56"]
[EventDate "2012.10.13"]

1. Nf3 d5 2. b3 c5 3. Bb2 f6 4. d3 e5 5. e4 Ne7 6. Nbd2 Be6 7. g3 Nbc6 8. Bg2
Qd7 9. a3 d4 10. h3 g5 11. Ng1 Ng6 12. Bf3 O-O-O 13. Bg4 Kb8 14. Qf3 Qf7 15.
O-O-O Bd6 16. Bxe6 Qxe6 17. Ne2 h5 18. Qg2 b5 19. Kb1 Rd7 20. Rc1 Rb7 21. Ka1
Kc7 22. Rb1 a5 23. c4 a4 24. bxa4 b4 25. Qf1 Ra8 26. Qd1 Rba7 27. Qb3 Rxa4 28.
Rbd1 Rxa3+ 0-1

[Event "XXXIV Festival A"]
[Site "Arco ITA"]
[Date "2012.10.13"]
[Round "1"]
[White "Pieri, Enzo"]
[Black "Pomini, Aurelien"]
[WhiteElo "1740"]
[BlackElo "2012"]
[Result "0-1"]
[PlyCount "54"]
[EventDate "2012.10.13"]

1. d4 d5 2. Nf3 Nf6 3. g3 c5 4. Bg2 Nc6 5. O-O Bf5 6. a3 cxd4 7. Nxd4 Nxd4 8.
Qxd4 e6 9. Qa4+ Qd7 10. Qxd7+ Kxd7 11. c4 Bg4 12. cxd5 Nxd5 13. e4 Nb6 14. Nc3
e5 15. f3 Bc5+ 16. Kh1 Be6 17. f4 f6 18. Nd5 Kc6 19. fxe5 fxe5 20. Bg5 Nxd5 21.
exd5+ Bxd5 22. Bxd5+ Kxd5 23. Rf7 Bd4 24. Rxb7 g6 25. Bd2 g5 26. Rc1 Rab8 27.
Rxa7 Bxa7 0-1

[Event "XXXIV Festival A"]
[Site "Arco ITA"]
[Date "2012.10.13"]
[Round "1"]
[White "Popa, Claudiu"]
[Black "Overney, Luca"]
[WhiteElo "2139"]
[BlackElo "1788"]
[Result "1-0"]
[PlyCount "79"]
[EventDate "2012.10.13"]

1. e4 Nf6 2. Nc3 d5 3. exd5 Nxd5 4. Bc4 Nb6 5. Bb3 c5 6. d3 Nc6 7. Nf3 e6 8.
Bg5 Be7 9. Bxe7 Qxe7 10. O-O O-O 11. Re1 Qf6 12. Qc1 Nd4 13. Nxd4 Qxd4 14. Re4
Qf6 15. Qe3 Nd7 16. Rf4 Qg6 17. Ne4 b6 18. Nd6 Nf6 19. Nxc8 Raxc8 20. Qf3 Rc7
21. Re1 Rd8 22. Bc4 h6 23. a3 Kh7 24. d4 Kg8 25. Bd3 Qh5 26. Rxf6 Qxf3 27. Rxf3
Rxd4 28. Re4 Rcd7 29. Rxd4 Rxd4 30. Re3 c4 31. Re4 Rxe4 32. Bxe4 Kf8 33. c3 Ke7
34. Kf1 Kd6 35. Ke2 f5 36. Bc2 b5 37. Ke3 Kd5 38. f4 g5 39. h3 a6 40. Bd1 1-0